Les plus grandes villes sur la Somme - Statistiques

Statistiques générales
  • Ce quiz a été pris 117 fois
  • Le résultat moyen est 5 sur 13
Statistiques - réponses
Population (2017) Ville sur la Somme % Correct
132,500 Amiens
100%
23,600 Abbeville
77%
7,700 Péronne
52%
55,900 Saint-Quentin
47%
2,700 Saint-Valery-sur-Somme
36%
6,300 Corbie
30%
4,700 Ham
28%
5,500 Longueau
28%
3,000 Ailly-sur-Somme
21%
4,300 Camon
19%
3,200 Flixecourt
18%
3,400 Rivery
18%
5,300 Gauchy
6%
Aucun quiz correspondant
Distribution des résultats
% des personnes avec chaque résultat
Percentile par nombre de réponses
Votre historique - résultats
Vous n’avez pas pris ce quiz